1707 1324 1643 1614 1476 1635 1879 1044 1129 1378 1957 1532 1143 1202 1838 1885 1576 1529 1069 1804 1521 1670 1717 1914 1320 1751 1794 1569 1616 1669 1239 1999 1762 1033 1670 1376 1276 1591 1761 1840 1797 1358 1873 1528 1699 1943 1751 1753 1468 1344 1625 1329 1766 1895 1425 1607 1323 1813 1893 1685 1538 1531 1568 1802 1070 1174 1865 1596 1424 1156 1223 1070 1730 1743 1223 1214 1055 1049 1028 1660 1996 1795 1337 1491 1882 1610 1412 1652 1563 1764 1823 1548 1723 1501 1448 1852 1995 1304 1037 BCNSPRNW ULIB Ver.6.0+V

เปลี่ยนเป็นภาษาไทย

Change to English
 แสดงรายละเอียดบรรณานุกรม
  กลับหน้าหลัก

Brief Record : Get Marc (ISO 2709) : E-mail record : QR code < ปิดหน้าต่าง
LEADER : 00000nam 2200000uu 4500
001    13399120825
003     ULIB
008    020711s2552 th a 000 0 tha d
020    9786167123172
090    นว.^bว427พ
100    อลิลศรา
245    เพตรา นคราสีกุหลาบ /^cอลิลศรา
260    กรุงเทพฯ :^bกรีนมายด์,^c2552
300    439 หน้า
945    ^p279^l0^i16657
999    ^aทศพร เกษรทอง
รายการนี้ยังไม่มีแท็ก
คุณยังไม่ได้ล็อกอิน คุณสามารถมีกิจกรรมร่วมกับเว็บไซต์ได้ แต่ต้องล็อกอินก่อน ::
  ล็อกอิน

รายการสื่อสารสนเทศ

ลำดับที่ ประเภท เลขเรียก/บาร์โค้ด สถานที่ สถานะ
1. นวนิยาย
นวนิยาย
นว. ว427พ  
  Barcode: 16657
ห้องสมุดวิทยาเขตสวรรค์ประชารักษ์
►นวนิยาย
บนชั้น
  ขอยืม

รายการใกล้เคียง
    ผู้แต่ง [อลิลศรา]

BibComment


ยังไม่เคยถูกคอมเมนท์

คอมเมนท์ทรัพยากรรายการนี้
  คอมเมนท์: เพตรา นคราสีกุหลา..


 Copyright 2026. Bcnsprnw @Library